[Event "29th North American Open"]
[Site "Las Vegas"]
[Date "2019.12.27"]
[Round "3.3"]
[White "Mitkov, Nikola"]
[Black "Wu, Logan"]
[Result "1-0"]
[WhiteElo "2508"]
[BlackElo "2155"]
[PlyCount "97"]
[EventDate "2019.12.??"]
[EventType "swiss"]
[EventRounds "9"]
[EventCountry "USA"]

1. e4 c5 2. Nc3 d6 3. f4 Nc6 4. Nf3 g6 5. Bb5 Bg7 6. Bxc6+ bxc6 7. d3 Nf6 8.
O-O O-O 9. Qe1 Rb8 10. b3 Ne8 11. Bb2 Nc7 12. Na4 Bg4 13. Bxg7 Kxg7 14. Nh4 Bd7
15. f5 f6 16. Qg3 g5 17. Nf3 Nb5 18. h4 Nd4 19. Nxd4 cxd4 20. hxg5 fxg5 21.
Qxg5+ Kh8 22. Rf3 Rg8 23. Qh4 Qf8 24. Raf1 Qg7 25. R1f2 Rbf8 26. f6 exf6 27.
Rxf6 Qe7 28. Qh6 Rxf6 29. Qxf6+ Qxf6 30. Rxf6 Rg6 31. Rf7 Bh3 32. Rf2 Kg7 33.
c3 dxc3 34. Nxc3 Bc8 35. Ne2 Rg5 36. Nd4 Rc5 37. Rc2 Rxc2 38. Nxc2 Kf6 39. Kf2
h5 40. Nd4 Bd7 41. Nf3 c5 42. Ke3 Bb5 43. g3 Ba6 44. a3 Bb5 45. d4 cxd4+ 46.
Nxd4 Bd7 47. Kf4 Kg6 48. b4 a6 49. Nf5 1-0

[Event "29th North American Open"]
[Site "Las Vegas"]
[Date "2019.12.27"]
[Round "3.4"]
[White "Yang, Kevin"]
[Black "Ruiz Castillo, Joshua Daniel"]
[Result "0-1"]
[WhiteElo "2126"]
[BlackElo "2497"]
[PlyCount "91"]
[EventDate "2019.12.??"]
[EventType "swiss"]
[EventRounds "9"]
[EventCountry "USA"]

1. d4 Nf6 2. a3 g6 3. Nf3 Bg7 4. e3 O-O 5. Be2 d6 6. c4 c5 7. Nc3 Nc6 8. O-O e5
9. dxc5 dxc5 10. b4 e4 11. Nd2 Qe7 12. Rb1 Rd8 13. bxc5 Ne5 14. Qc2 Bf5 15.
Ndxe4 Nxe4 16. Nxe4 Nd7 17. Bd3 Ne5 18. Be2 Rac8 19. f3 Rxc5 20. Rxb7 Qxb7 21.
Nxc5 Qc6 22. Ne4 Rc8 23. Bb2 Bxe4 24. fxe4 Nxc4 25. Bxg7 Kxg7 26. Rc1 Ne5 27.
Qxc6 Rxc6 28. Rxc6 Nxc6 29. Kf2 Kf6 30. Bc4 Ne5 31. Bb5 Ke6 32. Kg3 g5 33. h4
f6 34. a4 a5 35. hxg5 fxg5 36. Kf2 h5 37. Ke2 h4 38. Kd2 Kd6 39. Kc3 Kc5 40.
Bf1 g4 41. Kb3 g3 42. Kc3 Nc4 43. e5 Nxe3 44. e6 Kd6 45. Be2 h3 46. Kd4 0-1

[Event "29th North American Open"]
[Site "Las Vegas"]
[Date "2019.12.27"]
[Round "3"]
[White "Daggupati, Balaji"]
[Black "Paragua, Mark"]
[Result "1/2-1/2"]
[WhiteElo "2311"]
[BlackElo "2513"]
[PlyCount "141"]
[EventDate "2019.12.??"]
[EventType "swiss"]
[EventRounds "9"]
[EventCountry "USA"]

1. e4 c5 2. Nf3 d6 3. d4 cxd4 4. Qxd4 Nc6 5. Bb5 Qd7 6. Qd3 e6 7. O-O Nf6 8.
Rd1 a6 9. Bxc6 bxc6 10. c4 d5 11. exd5 cxd5 12. Nc3 Bb7 13. Bg5 Be7 14. Bxf6
Bxf6 15. cxd5 O-O 16. dxe6 Qxe6 17. Qd7 Qb6 18. Na4 Qb5 19. Qxb5 axb5 20. Nb6
Bxb2 21. Nxa8 Bxa1 22. Nc7 Bf6 23. Nxb5 Ra8 24. Rd2 Ra5 25. Nd6 Bd5 26. Rc2 h6
27. Nc4 Rc5 28. Ne3 Rxc2 29. Nxc2 Bxa2 30. Ne3 Kf8 31. Kf1 Ke7 32. Ke2 Kd6 33.
Kd3 Be6 34. Ke4 Bc8 35. Nc4+ Ke7 36. Ne3 Bb7+ 37. Kf4 Ke6 38. h3 Bb2 39. Kg3 f5
40. h4 g6 41. Ne1 Bd4 42. Nd3 Kf6 43. Nc2 Bb6 44. f4 Be4 45. Nce1 Be3 46. Nf2
Ke6 47. Nf3 Kf6 48. Nh3 Bd5 49. Ne5 Bd4 50. Nf3 Bb6 51. Ne5 Bc7 52. Nf3 Ba5 53.
Kf2 Bb6+ 54. Kg3 Bc5 55. Ne5 Bb4 56. Nf3 Bc3 57. Nf2 Be4 58. Nd1 Ba5 59. Nf2
Ke6 60. Nh3 Bd8 61. Ne5 Kf6 62. Nd7+ Kg7 63. Ne5 Bc7 64. Nf3 Kf6 65. Nf2 Ke6
66. Nh3 Bd6 67. Kf2 Kd5 68. Kg3 Be7 69. Ne5 g5 70. hxg5 hxg5 71. Ng6 1/2-1/2

[Event "29th North American Open"]
[Site "Las Vegas"]
[Date "2019.12.27"]
[Round "3"]
[White "Andrews, Todd"]
[Black "Felecan, Florin"]
[Result "1-0"]
[WhiteElo "2214"]
[BlackElo "2336"]
[PlyCount "33"]
[EventDate "2019.12.??"]
[EventType "swiss"]
[EventRounds "9"]
[EventCountry "USA"]

1. Nf3 d6 2. d4 g6 3. Bf4 Bg7 4. Nc3 c6 5. Qd2 b5 6. e4 Nd7 7. e5 d5 8. e6 fxe6
9. Bxb5 Qb6 10. Bd3 c5 11. Nb5 e5 12. dxc5 Nxc5 13. Nxe5 Nf6 14. Nc7+ Qxc7 15.
Bb5+ Nfd7 16. Nxd7 e5 17. Nxe5+ 1-0

[Event "29th North American Open"]
[Site "Las Vegas"]
[Date "2019.12.27"]
[Round "3"]
[White "Niemann, Hans Moke"]
[Black "Chen, Alex"]
[Result "1-0"]
[WhiteElo "2471"]
[BlackElo "2064"]
[PlyCount "81"]
[EventDate "2019.12.??"]
[EventType "swiss"]
[EventRounds "9"]
[EventCountry "USA"]

1. Nf3 Nf6 2. d4 e6 3. c4 Bb4+ 4. Nbd2 O-O 5. a3 Be7 6. e4 d6 7. b4 b6 8. Qc2
Nfd7 9. Bb2 c5 10. e5 Bb7 11. Bd3 h6 12. exd6 Bxd6 13. dxc5 bxc5 14. b5 Qc7 15.
Bh7+ Kh8 16. Be4 f5 17. Bxb7 Qxb7 18. O-O Qc7 19. Rfe1 Re8 20. Re2 Nf8 21. Ne5
Kg8 22. Rae1 Nbd7 23. Nxd7 Qxd7 24. Nf3 Ng6 25. Ne5 Nxe5 26. Bxe5 Bxe5 27. Rxe5
a6 28. a4 axb5 29. axb5 Qd6 30. g3 Kf7 31. Qe2 Ra4 32. Rxf5+ exf5 33. Qxe8+ Kf6
34. Qe2 Rb4 35. h4 f4 36. g4 Ra4 37. Qe4 g6 38. h5 gxh5 39. Qf5+ Kg7 40. Re6
Ra1+ 41. Kh2 1-0

[Event "29th North American Open"]
[Site "Las Vegas"]
[Date "2019.12.27"]
[Round "3"]
[White "Alvarez, Tirso"]
[Black "Katz, Alexander"]
[Result "0-1"]
[WhiteElo "1535"]
[BlackElo "2404"]
[PlyCount "80"]
[EventDate "2019.12.??"]
[EventType "swiss"]
[EventRounds "9"]
[EventCountry "USA"]

1. d4 d6 2. Nf3 g6 3. e3 Bg7 4. c4 Nf6 5. Nc3 O-O 6. Be2 b6 7. Bd2 Bb7 8. O-O
Nbd7 9. Rc1 e5 10. d5 a5 11. e4 Nc5 12. Qc2 Nh5 13. g3 Bc8 14. Ng5 Nf6 15. Kg2
Qd7 16. h4 h6 17. Rh1 hxg5 18. Rh2 g4 19. f3 gxf3+ 20. Bxf3 Ng4 21. Rhh1 f5 22.
Bxg4 fxg4 23. Rcf1 Rxf1 24. Rxf1 Ba6 25. b3 Rf8 26. Qd1 Rxf1 27. Qxf1 Qf7 28.
Qe2 Bc8 29. Nb5 Kh7 30. b4 axb4 31. Bxb4 Na6 32. Bxd6 cxd6 33. Nxd6 Qf8 34. Nb5
Bd7 35. Nc3 Qb4 36. Nb5 Nc5 37. a3 Qb1 38. Nd6 Bf8 39. Qf2 Bxd6 40. Qf7+ Kh6
0-1

[Event "29th North American Open"]
[Site "Las Vegas"]
[Date "2019.12.27"]
[Round "3"]
[White "Botez, Alexandra"]
[Black "Aoshima, Mirai"]
[Result "1/2-1/2"]
[WhiteElo "2062"]
[BlackElo "2361"]
[PlyCount "153"]
[EventDate "2019.12.??"]
[EventType "swiss"]
[EventRounds "9"]
[EventCountry "USA"]

1. d4 Nf6 2. Nf3 e6 3. Bf4 d5 4. e3 Bd6 5. Ne5 O-O 6. Nd2 b6 7. c3 Bb7 8. Bd3
c5 9. Rc1 Qc7 10. Qf3 cxd4 11. exd4 Nc6 12. Qe3 Ng4 13. Qh3 f5 14. Ndf3 Rfe8
15. Qg3 Nf6 16. O-O Nh5 17. Qg5 Nxf4 18. Qxf4 Nxe5 19. dxe5 Bf8 20. Rfe1 a6 21.
Nd4 g6 22. h4 Qe7 23. Re3 Qg7 24. g4 Qh6 25. g5 Qg7 26. Rh3 Rac8 27. Kg2 b5 28.
Rch1 h5 29. gxh6 Qxh6 30. Qg5 Rc7 31. Rg3 Qxg5 32. Rxg5 Rg7 33. a3 Kf7 34. f4
Be7 35. Rg3 Rh7 36. Rgh3 Reh8 37. Kg3 Bc5 38. R1h2 Ke7 39. Be2 Kd7 40. Nf3 Be3
41. Ng5 Re7 42. Nf3 Kc7 43. Nd4 Kb6 44. Kf3 Bxd4 45. cxd4 Bc6 46. Rg3 Be8 47.
Ke3 Reh7 48. Rgh3 a5 49. Kd2 b4 50. axb4 axb4 51. Bd1 Ra7 52. Bb3 Bb5 53. Rg3
Rh6 54. Rh1 Bc4 55. Rgh3 Bxb3 56. Rxb3 Kb5 57. Rd3 Rah7 58. Rdh3 Kc4 59. Ke3
Kb3 60. R3h2 Ra7 61. Rg1 Ra2 62. Rb1 Rh8 63. Kd3 Rha8 64. Rg2 Ra1 65. Rxa1 Rxa1
66. Rxg6 Rd1+ 67. Ke3 Kc2 68. Rxe6 Rd3+ 69. Ke2 Rd2+ 70. Ke3 Rd3+ 71. Ke2 Rxd4
72. Kf3 Rd3+ 73. Kg2 Rd2+ 74. Kg3 Rd3+ 75. Kg2 Rd2+ 76. Kg3 Rd3+ 77. Kg2
1/2-1/2

[Event "29th North American Open"]
[Site "Las Vegas"]
[Date "2019.12.27"]
[Round "3"]
[White "Blatny, Pavel"]
[Black "Wu, Derek"]
[Result "0-1"]
[WhiteElo "2331"]
[BlackElo "2039"]
[PlyCount "67"]
[EventDate "2019.12.??"]
[EventType "swiss"]
[EventRounds "9"]
[EventCountry "USA"]

1. b3 e5 2. Bb2 Nc6 3. e3 d5 4. Bb5 Bd6 5. f4 f6 6. fxe5 fxe5 7. Nf3 Nh6 8. O-O
Bg4 9. Qe1 O-O 10. e4 Nb4 11. Na3 Bxf3 12. gxf3 c6 13. Be2 Nf7 14. Kh1 Ng5 15.
Qg3 Qf6 16. Rae1 Rae8 17. c3 Na6 18. b4 Ne6 19. Nc2 Nf4 20. Ne3 Bc7 21. b5 Nc5
22. Ba3 Bd6 23. Ng4 Qe6 24. Bxc5 Bxc5 25. Bd1 Nd3 26. Re2 Qg6 27. exd5 cxd5 28.
Bb3 Kh8 29. Ne3 Qh6 30. Nxd5 Re6 31. f4 e4 32. f5 Rg6 33. Qc7 Qh3 34. Ree1 0-1

[Event "29th North American Open"]
[Site "Las Vegas"]
[Date "2019.12.27"]
[Round "3"]
[White "Raptis, Nick"]
[Black "Zeng, Sheena"]
[Result "0-1"]
[WhiteElo "2232"]
[BlackElo "1987"]
[PlyCount "101"]
[EventDate "2019.12.??"]
[EventType "swiss"]
[EventRounds "9"]
[EventCountry "USA"]

1. d4 d5 2. Nf3 Nf6 3. c4 c6 4. g3 e6 5. Bg2 Be7 6. O-O O-O 7. Nc3 Nbd7 8. Qc2
b6 9. Rd1 Bb7 10. b3 Rc8 11. Bb2 Qc7 12. Rac1 Qb8 13. e4 dxe4 14. Nxe4 Nxe4 15.
Qxe4 c5 16. Qe2 Bf6 17. dxc5 Bxb2 18. Qxb2 Nxc5 19. b4 Ne4 20. Qe5 Nf6 21. Qxb8
Rxb8 22. Ne5 Bxg2 23. Kxg2 Rfc8 24. Rd4 b5 25. c5 Nd5 26. Rcd1 a5 27. Nd7 axb4
28. Nxb8 Rxb8 29. Rc1 Kf8 30. c6 Ke7 31. c7 Rc8 32. Rc5 Kd6 33. Rxb5 Kxc7 34.
Rc4+ Kd8 35. Rcc5 Rxc5 36. Rxc5 Kd7 37. Kf3 h6 38. Ra5 Kc6 39. Ke4 Nc7 40. Kd4
Kb6 41. Re5 Kc6 42. Kc4 Kd6 43. Ra5 Nd5 44. Ra7 Ne7 45. Ra6+ Kc7 46. Kxb4 Nd5+
47. Kc5 Kb7 48. Rd6 Kc7 49. Rxd5 exd5 50. Kxd5 g5 51. Ke5 0-1

[Event "29th North American Open"]
[Site "Las Vegas"]
[Date "2019.12.27"]
[Round "3"]
[White "Kanli, Alperen"]
[Black "Kretchetov, Alexandre"]
[Result "0-1"]
[WhiteElo "1927"]
[BlackElo "2220"]
[PlyCount "42"]
[EventDate "2019.12.??"]
[EventType "swiss"]
[EventRounds "9"]
[EventCountry "USA"]

1. c4 e5 2. g3 Nc6 3. Bg2 d6 4. Nc3 Be6 5. d3 Qd7 6. Nf3 Bh3 7. Bxh3 Qxh3 8.
Nd5 Qd7 9. e4 g6 10. Bg5 Bg7 11. h4 h6 12. Be3 Nd4 13. Nc3 Ne7 14. Bxd4 exd4
15. Ne2 O-O 16. Rb1 c5 17. Nf4 f5 18. Qe2 Rae8 19. O-O fxe4 20. Qxe4 d5 21.
Nxd5 Nxd5 0-1

[Event "29th North American Open"]
[Site "Las Vegas"]
[Date "2019.12.26"]
[Round "2.1"]
[White "Gabuzyan, Hovhannes"]
[Black "Liu, Bovey"]
[Result "1-0"]
[WhiteElo "2610"]
[BlackElo "2230"]
[PlyCount "47"]
[EventDate "2019.12.??"]
[EventType "swiss"]
[EventRounds "9"]
[EventCountry "USA"]

1. Nf3 Nf6 2. g3 e6 3. Bg2 d5 4. O-O Be7 5. d3 c5 6. Nbd2 O-O 7. e4 Nc6 8. Re1
b5 9. a4 bxa4 10. Rxa4 Rb8 11. exd5 exd5 12. Nb3 Bd7 13. Be3 Nd4 14. Rxa7 Nxb3
15. cxb3 Qb6 16. Qa1 Rfe8 17. Ne5 Be6 18. b4 d4 19. Bf4 Bf8 20. Nc6 Rbc8 21.
Ra6 Qb5 22. Na7 Qxd3 23. Nxc8 Rxc8 24. bxc5 1-0

[Event "29th North American Open"]
[Site "Las Vegas"]
[Date "2019.12.26"]
[Round "2.2"]
[White "Arias Gaviria, Mario Alexis"]
[Black "Izoria, Zviad"]
[Result "0-1"]
[WhiteElo "2232"]
[BlackElo "2599"]
[PlyCount "86"]
[EventDate "2019.12.??"]
[EventType "swiss"]
[EventRounds "9"]
[EventCountry "USA"]

1. d4 e6 2. e4 d5 3. Nd2 c5 4. exd5 exd5 5. Bb5+ Nc6 6. Ngf3 Qe7+ 7. Qe2 Qxe2+
8. Kxe2 cxd4 9. Re1 Bd6 10. Nb3 a6 11. Kf1+ Nge7 12. Be2 f6 13. Rd1 Be5 14.
Nfxd4 Kf7 15. f4 Bxd4 16. Nxd4 h5 17. h3 Nxd4 18. Rxd4 Bf5 19. c3 Be4 20. Kf2
Rad8 21. b3 Nf5 22. Rd1 h4 23. Bb2 Ng3 24. Bg4 f5 25. Bf3 Bxf3 26. Kxf3 Rhe8
27. Rd2 Ne4 28. Rd3 Rd6 29. Rad1 Rg6 30. g4 hxg3 31. Rg1 Ke6 32. c4 dxc4 33.
bxc4 Rh8 34. Rd5 Rxh3 35. Re5+ Kd7 36. Rd1+ Kc6 37. Rxf5 g2+ 38. Kxe4 Rh1 39.
Bd4 Rxd1 40. Rc5+ Kd7 41. Rd5+ Ke8 42. Re5+ Kf7 43. Rf5+ Kg8 0-1

[Event "29th North American Open"]
[Site "Las Vegas"]
[Date "2019.12.26"]
[Round "2.3"]
[White "Paragua, Mark"]
[Black "Andrews, Todd"]
[Result "1/2-1/2"]
[WhiteElo "2513"]
[BlackElo "2214"]
[PlyCount "108"]
[EventDate "2019.12.??"]
[EventType "swiss"]
[EventRounds "9"]
[EventCountry "USA"]

1. e4 e6 2. d3 d5 3. Qe2 Nc6 4. Nf3 Nf6 5. e5 Nd7 6. g3 b6 7. Bg2 Bb7 8. O-O h6
9. h4 g6 10. c4 dxc4 11. dxc4 Bg7 12. Bf4 Qe7 13. Nc3 O-O-O 14. Rad1 Kb8 15. a3
a5 16. Nb5 Qc5 17. Nfd4 Nxd4 18. Nxd4 Nxe5 19. Bxb7 Rxd4 20. Ba6 Ka7 21. b4 Qd6
22. Be3 Qc6 23. f4 Rxd1 24. Rxd1 Qf3 25. Qxf3 Nxf3+ 26. Kf2 Kxa6 27. Kxf3 axb4
28. axb4 Kb7 29. b5 Kc8 30. h5 Rd8 31. Rxd8+ Kxd8 32. hxg6 fxg6 33. c5 bxc5 34.
Bxc5 h5 35. Ba7 Kd7 36. Ke4 Bc3 37. b6 cxb6 38. Bxb6 Be1 39. Kf3 Kc6 40. Bd8
Kd5 41. Bf6 Bb4 42. g4 Bc5 43. gxh5 gxh5 44. Bh4 Bd4 45. Bg5 Bc3 46. Bh4 Bb4
47. Ke3 Ba5 48. Kf3 Bc7 49. Bf6 Ba5 50. Bh4 Bd2 51. Bf2 Bc1 52. Bh4 Ba3 53. Bf6
Bb4 54. Bh4 Ba5 1/2-1/2

[Event "29th North American Open"]
[Site "Las Vegas"]
[Date "2019.12.26"]
[Round "2.4"]
[White "Kretchetov, Alexandre"]
[Black "Mitkov, Nikola"]
[Result "0-1"]
[WhiteElo "2220"]
[BlackElo "2508"]
[PlyCount "79"]
[EventDate "2019.12.??"]
[EventType "swiss"]
[EventRounds "9"]
[EventCountry "USA"]

1. d4 d5 2. Bf4 c5 3. e3 Nc6 4. c3 Bf5 5. Qb3 Qd7 6. Nf3 c4 7. Qd1 a6 8. b3
cxb3 9. axb3 e6 10. b4 Rc8 11. b5 axb5 12. Bxb5 Bd6 13. Bxd6 Qxd6 14. Nbd2 Nf6
15. O-O O-O 16. c4 dxc4 17. Bxc4 e5 18. dxe5 Nxe5 19. Nxe5 Qxe5 20. Nf3 Qb8 21.
Qb3 Be4 22. Nd4 Rc5 23. f3 Bg6 24. Rfe1 Rfc8 25. Bf1 h5 26. e4 h4 27. Qe3 Qe5
28. Rad1 Nh5 29. Ne2 b5 30. Qf2 Qe7 31. Qd4 Rc2 32. Rb1 R8c4 33. Qe3 b4 34.
Rec1 Rxc1 35. Nxc1 Rc3 36. Qd4 h3 37. Nd3 hxg2 38. Bxg2 Qg5 39. Rxb4 Rc2 40.
Rb1 0-1

[Event "29th North American Open"]
[Site "Las Vegas"]
[Date "2019.12.27"]
[Round "2"]
[White "Vijay, Keerthi K"]
[Black "Niemann, Hans Moke"]
[Result "1-0"]
[WhiteElo "2200"]
[BlackElo "2471"]
[PlyCount "57"]
[EventDate "2019.12.??"]
[EventType "swiss"]
[EventRounds "9"]
[EventCountry "USA"]

1. c4 e5 2. Nc3 Nc6 3. g3 Bb4 4. Bg2 Nf6 5. d3 O-O 6. Bd2 Re8 7. e4 d6 8. Nge2
Bg4 9. h3 Bxe2 10. Nxe2 Bxd2+ 11. Qxd2 Nd7 12. O-O Nc5 13. f4 Ne6 14. f5 Ned4
15. f6 gxf6 16. Rf2 Kh8 17. Raf1 Rg8 18. Rxf6 Nxe2+ 19. Qxe2 Rxg3 20. Rxf7 Qg5
21. Kh1 Ne7 22. R1f3 Rxf3 23. Qxf3 Rg8 24. Qf2 Ng6 25. Rxc7 Nh4 26. Bf1 Nf3 27.
Bg2 Qc1+ 28. Bf1 Rg3 29. Rc8+ 1-0

[Event "29th North American Open"]
[Site "Las Vegas"]
[Date "2019.12.27"]
[Round "2"]
[White "Eliezer, Segev"]
[Black "Raptis, Nick"]
[Result "1-0"]
[WhiteElo "1734"]
[BlackElo "2232"]
[PlyCount "133"]
[EventDate "2019.12.??"]
[EventType "swiss"]
[EventRounds "9"]
[EventCountry "USA"]

1. d4 Nf6 2. c4 g6 3. Nc3 Bg7 4. e4 d6 5. Nf3 O-O 6. h3 c5 7. d5 e6 8. Bd3 exd5
9. exd5 Re8+ 10. Be3 Bh6 11. O-O Bxe3 12. fxe3 Qe7 13. e4 Nbd7 14. Qd2 Kg7 15.
Rae1 Ne5 16. Nxe5 Qxe5 17. Nb5 Re7 18. Qf4 Qxf4 19. Rxf4 Ne8 20. Ref1 Bd7 21.
Nc3 a6 22. a4 f6 23. g4 Re5 24. h4 h6 25. Be2 g5 26. hxg5 hxg5 27. R4f2 Re7 28.
Kg2 Rf7 29. Kg3 Nc7 30. e5 dxe5 31. Ne4 Ne8 32. b3 b5 33. axb5 axb5 34. cxb5
Rb8 35. Nxg5 Nd6 36. Nxf7 Ne4+ 37. Kg2 Nxf2 38. Nxe5 fxe5 39. Rxf2 Bxb5 40. Bc4
Bd7 41. Kg3 Rb7 42. Kf3 Rb8 43. Ke4 Re8 44. Rc2 Kf6 45. Rg2 Kg5 46. Rg1 Kf6 47.
d6 Bc6+ 48. Bd5 Bb5 49. g5+ Kg6 50. Rc1 Kxg5 51. Rxc5 Bd7 52. Bc6 Bf5+ 53. Kd5
Rb8 54. Rb5 Rxb5+ 55. Bxb5 Kf6 56. d7 Ke7 57. Kxe5 Bc2 58. b4 Kd8 59. Kd5 Kc7
60. Kc5 Be4 61. Ba4 Bf3 62. Kd4 Bg4 63. Bc6 Be2 64. Kc5 Bd3 65. b5 Kd8 66. b6
Ba6 67. Kb4 1-0

[Event "29th North American Open"]
[Site "Las Vegas"]
[Date "2019.12.26"]
[Round "2"]
[White "Katz, Alexander"]
[Black "Botez, Alexandra"]
[Result "1/2-1/2"]
[WhiteElo "2404"]
[BlackElo "2062"]
[PlyCount "27"]
[EventDate "2019.12.??"]
[EventType "swiss"]
[EventRounds "9"]
[EventCountry "USA"]

1. e4 e6 2. d4 d5 3. Nd2 dxe4 4. Nxe4 Nd7 5. Nf3 Ngf6 6. Nxf6+ Nxf6 7. Bd3 c5
8. O-O h6 9. Ne5 Bd6 10. Bb5+ Ke7 11. Bf4 Qc7 12. Re1 Rd8 13. d5 Kf8 14. dxe6
1/2-1/2

[Event "29th North American Open"]
[Site "Las Vegas"]
[Date "2019.12.26"]
[Round "2"]
[White "Wu, Derek"]
[Black "Pan, Kevin"]
[Result "1/2-1/2"]
[WhiteElo "2039"]
[BlackElo "2062"]
[PlyCount "58"]
[EventDate "2019.12.??"]
[EventType "swiss"]
[EventRounds "9"]
[EventCountry "USA"]

1. d4 d5 2. c4 e6 3. Nc3 c6 4. e4 dxe4 5. Nxe4 c5 6. Nxc5 Nc6 7. Be3 Bxc5 8.
dxc5 Qxd1+ 9. Rxd1 Nge7 10. Nf3 e5 11. Bd2 Bg4 12. Be2 a5 13. Bc3 Ng6 14. h3
Bf5 15. g3 f6 16. h4 Nf8 17. Nd2 h5 18. Bf3 Ne6 19. Ne4 Bxe4 20. Bxe4 Nxc5 21.
Bg6+ Ke7 22. b3 Ke6 23. Rd5 b6 24. Bc2 Nb4 25. Bxb4 axb4 26. Bb1 Rhd8 27. Rxd8
Rxd8 28. Ke2 f5 29. f3 g6 1/2-1/2

[Event "29th North American Open"]
[Site "Las Vegas"]
[Date "2019.12.26"]
[Round "1"]
[White "Polavaram, Rithik"]
[Black "Gabuzyan, Hovhannes"]
[Result "0-1"]
[WhiteElo "2100"]
[BlackElo "2610"]
[PlyCount "60"]
[EventDate "2019.12.??"]
[EventType "swiss"]
[EventRounds "9"]
[EventCountry "USA"]

1. d4 Nf6 2. c4 g6 3. Nc3 Bg7 4. e4 d6 5. Nf3 Bg4 6. Be2 O-O 7. Be3 Nbd7 8. O-O
c5 9. d5 Re8 10. h3 Bxf3 11. Bxf3 a6 12. Be2 e6 13. Qd2 exd5 14. exd5 Qa5 15.
a3 Re7 16. Rfe1 Rae8 17. Bf1 Qd8 18. Rab1 Ne5 19. Rec1 Nh5 20. b4 Nf3+ 21. gxf3
Rxe3 22. fxe3 Qg5+ 23. Kf2 Rxe3 24. Ne4 Qf4 25. Qxe3 Bd4 26. Re1 Qh2+ 27. Bg2
Nf4 28. Qxd4 cxd4 29. Nf6+ Kg7 30. Ne8+ Kf8 0-1

[Event "29th North American Open"]
[Site "Las Vegas"]
[Date "2019.12.26"]
[Round "1"]
[White "Niemann, Hans Moke"]
[Black "Krishnakumar, Sriram"]
[Result "1-0"]
[WhiteElo "2471"]
[BlackElo "2079"]
[PlyCount "41"]
[EventDate "2019.12.??"]
[EventType "swiss"]
[EventRounds "9"]
[EventCountry "USA"]

1. Nf3 d5 2. c4 d4 3. b4 f6 4. e3 e5 5. c5 a5 6. Bc4 Ne7 7. Qb3 Nec6 8. O-O Qe7
9. exd4 Nxd4 10. Nxd4 exd4 11. Qd1 Qd8 12. Re1+ Be7 13. Qh5+ g6 14. Qh6 Nc6 15.
Qg7 Rf8 16. d3 Ne5 17. Bh6 Kd7 18. Nd2 Re8 19. Rxe5 fxe5 20. Qxe5 Bd6 21. Bb5+
1-0

[Event "29th North American Open"]
[Site "Las Vegas"]
[Date "2019.12.26"]
[Round "1"]
[White "Pan, Kevin"]
[Black "Katz, Alexander"]
[Result "1/2-1/2"]
[WhiteElo "2062"]
[BlackElo "2404"]
[PlyCount "47"]
[EventDate "2019.12.??"]
[EventType "swiss"]
[EventRounds "9"]
[EventCountry "USA"]

1. e4 d6 2. d4 Nf6 3. Nc3 g6 4. f4 Bg7 5. Bd3 O-O 6. Nf3 Nc6 7. O-O e5 8. dxe5
dxe5 9. fxe5 Nxe5 10. Nxe5 Qd4+ 11. Kh1 Qxe5 12. Bf4 Qc5 13. Qf3 Be6 14. Nb5
Ne8 15. Qg3 c6 16. Nd6 Nf6 17. Qg5 Qb4 18. Be5 h6 19. Qh4 Ng4 20. a3 Qc5 21.
Bxg7 Kxg7 22. Nf5+ Bxf5 23. exf5 Nf6 24. fxg6 1/2-1/2

[Event "29th North American Open"]
[Site "Las Vegas"]
[Date "2019.12.26"]
[Round "1"]
[White "Vibbert, Sean"]
[Black "Wu, Derek"]
[Result "1/2-1/2"]
[WhiteElo "2320"]
[BlackElo "2039"]
[PlyCount "60"]
[EventDate "2019.12.??"]
[EventType "swiss"]
[EventRounds "9"]
[EventCountry "USA"]

1. e4 c5 2. Nc3 d6 3. g3 Nc6 4. Bg2 g6 5. d3 Bg7 6. Be3 e6 7. Qd2 Rb8 8. a4 a6
9. Nge2 Nd4 10. Rb1 e5 11. O-O Ne7 12. b4 O-O 13. bxc5 dxc5 14. Nd5 Nxd5 15.
exd5 Bh3 16. c4 Bd7 17. Bxd4 exd4 18. a5 Be5 19. Rb2 Bc7 20. Ra1 Qf6 21. Rab1
b5 22. axb6 Rxb6 23. Rxb6 Bxb6 24. Qf4 Qxf4 25. Nxf4 Rb8 26. Bh3 f5 27. Ne6
Bxe6 28. dxe6 Kf8 29. Bg2 Ke7 30. Bd5 Bc7 1/2-1/2

[Event "29th North American Open"]
[Site "Las Vegas"]
[Date "2019.12.26"]
[Round "1"]
[White "Raptis, Nick"]
[Black "Sanchez, Robert"]
[Result "1-0"]
[WhiteElo "2232"]
[BlackElo "1918"]
[PlyCount "67"]
[EventDate "2019.12.??"]
[EventType "swiss"]
[EventRounds "9"]
[EventCountry "USA"]

1. d4 Nf6 2. Nc3 e6 3. e4 d5 4. Bg5 dxe4 5. Nxe4 Be7 6. Bxf6 gxf6 7. Nf3 b6 8.
Bd3 Bb7 9. O-O f5 10. Ng3 h5 11. Re1 h4 12. Nf1 Nd7 13. c4 Kf8 14. Qe2 Bd6 15.
d5 Nc5 16. Bc2 exd5 17. cxd5 Qf6 18. Ne3 Re8 19. Qd2 Ne4 20. Qd3 Bc8 21. Qd4
Qxd4 22. Nxd4 Bb4 23. Red1 f4 24. Nc4 h3 25. a3 Bc5 26. b4 Bd6 27. Bxe4 Rxe4
28. Rac1 Kg7 29. Nb5 Be5 30. d6 Rd8 31. Nxe5 Rxe5 32. Nxa7 Bb7 33. dxc7 Rxd1+
34. Rxd1 1-0

[Event "29th North American Open"]
[Site "Las Vegas"]
[Date "2019.12.26"]
[Round "1"]
[White "Wu, Ethan"]
[Black "Kretchetov, Alexandre"]
[Result "0-1"]
[WhiteElo "1862"]
[BlackElo "2220"]
[PlyCount "92"]
[EventDate "2019.12.??"]
[EventType "swiss"]
[EventRounds "9"]
[EventCountry "USA"]

1. d4 Nf6 2. c4 g6 3. Nc3 Bg7 4. e4 d6 5. Nf3 O-O 6. Be2 Bg4 7. O-O Nfd7 8. Be3
Nc6 9. Qd2 e5 10. d5 Ne7 11. Ng5 Bxe2 12. Qxe2 h6 13. Nf3 f5 14. Ne1 f4 15. Bd2
h5 16. f3 g5 17. Nd3 Nf6 18. Rfc1 Ng6 19. c5 Rf7 20. Kf1 Bf8 21. b4 Rg7 22. Na4
g4 23. Ke1 gxf3 24. gxf3 Nh4 25. Qf2 Nxe4 26. fxe4 Rg2 27. Qf1 Qg5 28. Kd1 Rg1
29. Kc2 Rxf1 30. Rxf1 Kh7 31. Rg1 Qf6 32. Raf1 Bh6 33. Nc3 Ng6 34. Kb3 a6 35.
Nd1 Qe7 36. a3 Rg8 37. Rf2 Qd7 38. Rfg2 Qh3 39. N1f2 Qf3 40. Kb2 Ne7 41. Ne1
Rxg2 42. Rxg2 Qe2 43. Ng4 Qf1 44. Nxh6 Kxh6 45. cxd6 cxd6 46. Bc3 Qc4 0-1

[Event "29th North American Open"]
[Site "Las Vegas"]
[Date "2019.12.26"]
[Round "1"]
[White "Andrews, Todd"]
[Black "Gutla, Aryan"]
[Result "1-0"]
[WhiteElo "2214"]
[BlackElo "1834"]
[PlyCount "53"]
[EventDate "2019.12.??"]
[EventType "swiss"]
[EventRounds "9"]
[EventCountry "USA"]

1. Nf3 Nf6 2. c4 g6 3. Nc3 Bg7 4. g3 O-O 5. Bg2 d6 6. O-O Nc6 7. d3 e5 8. Rb1
a5 9. a3 h6 10. b4 axb4 11. axb4 Be6 12. b5 Ne7 13. Qb3 Nd7 14. Ba3 Nc5 15.
Bxc5 dxc5 16. b6 cxb6 17. Qxb6 Qxb6 18. Rxb6 Rfb8 19. Rfb1 Nc6 20. Ne4 Bf8 21.
h4 f5 22. Nf6+ Kg7 23. Nd5 Ra6 24. Rxb7+ Rxb7 25. Rxb7+ Kg8 26. Nf6+ Kh8 27.
Rh7# 1-0